رشید احمد سدیققی کے اسلوب کا تجزیاتی مطالع / (Record no. 106850)

MARC details
000 -LEADER
fixed length control field 00990nam a22002537a 4500
005 - DATE AND TIME OF LATEST TRANSACTION
control field 20170123162318.0
010 ## - LIBRARY OF CONGRESS CONTROL NUMBER
LC control number A-678281
020 ## - INTERNATIONAL STANDARD BOOK NUMBER
Terms of availability 60.00
035 ## - SYSTEM CONTROL NUMBER
System control number A-678281
037 ## - SOURCE OF ACQUISITION
Source of stock number/acquisition Cen Lib/Ret
040 ## - CATALOGING SOURCE
Original cataloging agency DPL
Language of cataloging UR
082 ## - DEWEY DECIMAL CLASSIFICATION NUMBER
Classification number 847.08
Item number ص د ی
100 ## - MAIN ENTRY--PERSONAL NAME
Personal name موحمد اکرامُ الدّین
9 (RLIN) 115596
245 ## - TITLE STATEMENT
Title رشید احمد سدیققی کے اسلوب کا تجزیاتی مطالع /
Remainder of title موحمد اکرامُ الدّین
246 ## - VARYING FORM OF TITLE
Title proper/short title Rasheed Ahmad Sidiqi ke asloob ka tajziyati mutaalaa /
Remainder of title by Mohammad Akramulddin
260 ## - PUBLICATION, DISTRIBUTION, ETC. (IMPRINT)
Place of publication, distribution, etc نیی دہلی
Name of publisher, distributor, etc تخلیق کار پبلشرس
Date of publication, distribution, etc 1994
270 ## - ADDRESS
City نیی دہلی
Address ۱۷۷۹، کوچها داکهنی رآیے داریاگانج
Postal code 110002
300 ## - PHYSICAL DESCRIPTION
Extent 176p.
Dimensions 21cm(Hb)
650 ## - SUBJECT ADDED ENTRY--TOPICAL TERM
Topical term or geographic name as entry element اردو ادب
9 (RLIN) 115597
650 ## - SUBJECT ADDED ENTRY--TOPICAL TERM
Topical term or geographic name as entry element اردو سوانح عمری
9 (RLIN) 115598
650 ## - SUBJECT ADDED ENTRY--TOPICAL TERM
Topical term or geographic name as entry element Urdu literature
9 (RLIN) 115599
650 ## - SUBJECT ADDED ENTRY--TOPICAL TERM
Topical term or geographic name as entry element Urdu biography
9 (RLIN) 511
942 ## - ADDED ENTRY ELEMENTS (KOHA)
Source of classification or shelving scheme Dewey Decimal Classification
Koha item type Urdu Bks
Classification part 847.08
Call number suffix ص د ی
Holdings
Withdrawn status Lost status Damaged status Not for loan Home library Current library Date acquired Source of acquisition Cost, normal purchase price Total Checkouts Full call number Barcode Date last seen Copy number Cost, replacement price Price effective from Koha item type
        Central Library Central Library 30/12/2015 Cen Lib/Ret 60.00   847.08 ص د ی A-678281 30/12/2015 1 60.00 30/12/2015 Urdu Bks

© Delhi Public Library
Hit Counter
free hit counter